[Event "AUTO-ADV-3098"]
[Site "http://www.queenalice.com/game.php?id=1263840"]
[Date "2014.3.10"]
[Round "1"]
[White "Gosiulkaa"]
[Black "landscapsy"]
[Result "1-0"]
[WhiteElo "1849"]
[BlackElo "1760"]

1. e4 e5 2. Nf3 d6 3. d4 Be7 4. dxe5 dxe5 5. Qxd8+ Bxd8 6. Nxe5 Nf6 7. Nc3 O-O
8. Bg5 Re8 9. Nd3 Bf5 10. O-O-O Nxe4 11. Nxe4 Bxe4 12. Bxd8 Rxd8 13. f3 Bf5 14.
g4 Be6 15. Be2 Nc6 16. Nc5 Rxd1+ 17. Rxd1 b6 18. Nxe6 fxe6 19. f4 Rf8 20. Rf1
Nb4 21. a3 Nd5 22. f5 exf5 23. Rxf5 Ne3 24. Re5 Ng2 25. Re7 Rc8 26. Bc4+ Kh8 27.
g5 a5 28. Bd3 Nh4 29. Bc4 Nf3 30. g6 hxg6 31. Re3 Ng5 32. Rg3 Nh7 33. Rxg6 Rf8
34. b3 Rf6 35. Rg3 Rh6 36. h3 c6 37. Re3 b5 38. Re8+ Nf8 39. Rxf8+ Kh7 40. Bd3+
g6 41. Rf6 Kg7 42. Rxc6 a4 43. Bxb5 axb3 44. cxb3 Rxh3 45. Bc4 Rh1+ 46. Kb2 Kh6
47. a4 Rg1 48. a5 Kh5 49. a6 g5 50. a7 g4 51. a8=Q g3 52. Rc7 Kh4 53. Rg7 Kh3
54. Bd5 Rd1 55. Qh8# 1-0

[Event "AUTO-ADV-3098"]
[Site "http://www.queenalice.com/game.php?id=1263841"]
[Date "2014.3.10"]
[Round "1"]
[White "landscapsy"]
[Black "Edmorf"]
[Result "0-1"]
[WhiteElo "1710"]
[BlackElo "1555"]

1. d4 d5 2. c4 e6 3. cxd5 Qxd5 4. a3 Bd6 5. Nc3 Qf5 6. e4 Qa5 7. Qa4+ Nc6 8. Bb5
Bd7 9. Bxc6 Qxa4 10. Bxa4 O-O-O 11. e5 Be7 12. Bxd7+ Rxd7 13. Nge2 f6 14. Be3 g5
15. O-O Nh6 16. exf6 Bxf6 17. Nb5 Kb8 18. Rab1 Ng4 19. Bd2 Rf8 20. Bb4 Rff7 21.
Bc3 Rd5 22. a4 e5 23. dxe5 Bxe5 24. Bxe5 Nxe5 25. Nec3 Rd2 26. Ne4 Re2 27. Nxg5
Rg7 28. Nd4 Rd2 29. Ndf3 Re2 30. Nxe5 Rxe5 31. Nf3 Re8 32. b4 Reg8 33. g3 Rf7
34. Ne5 Re7 35. Nd3 c6 36. b5 Rg6 37. bxc6 Rxc6 38. a5 Ra6 39. Rb5 Rd6 40. Nf4
a6 41. Rb6 Rd4 42. Ra1 Rde4 43. Ng2 Re2 44. Rab1 Rc2 45. Kf1 Ra2 46. Rxa6 Kc7
47. Ra7 Kb8 48. Ra6 Kc8 49. Ra8+ Kc7 50. Rc1+ Kd6 51. Ra7 Rb2 52. Ne3 Rb5 53.
Nc4+ Ke6 54. Re1+ Kf6 55. Nd6 Rxe1+ 56. Kxe1 Rb1+ 57. Ke2 b6 58. axb6 Rxb6 59.
Nc4 Re6+ 60. Kf3 Kg6 61. Nb2 h6 62. Nd3 h5 63. Kg2 Kf5 0-1

[Event "AUTO-ADV-3098"]
[Site "http://www.queenalice.com/game.php?id=1263842"]
[Date "2014.3.10"]
[Round "1"]
[White "Edmorf"]
[Black "landscapsy"]
[Result "1-0"]
[WhiteElo "1605"]
[BlackElo "1760"]

1. d4 d5 2. Nc3 e6 3. e4 c6 4. e5 Ne7 5. Qg4 Nf5 6. Bg5 Be7 7. Bxe7 Qxe7 8.
O-O-O O-O 9. Nf3 b5 10. Bd3 Nh6 11. Qh5 b4 12. Ng5 bxc3 13. Nxh7 Rd8 14. g4 Nxg4
15. Qxg4 f5 16. Qh5 Bd7 17. Ng5 g6 18. Qxg6+ Qg7 19. Qh5 Be8 20. Qh4 cxb2+ 21.
Kxb2 Nd7 22. Nxe6 Kf7 23. Nxg7 1-0

[Event "Challenge"]
[Site "http://www.queenalice.com/game.php?id=1302851"]
[Date "2014.8.20"]
[Round "-"]
[White "JORAM2205"]
[Black "landscapsy"]
[Result "0-1"]
[WhiteElo "1687"]
[BlackElo "1669"]

1. e4 e5 2. Nf3 d6 3. d3 Bg4 4. Nc3 c6 5. Be2 Nd7 6. d4 Bxf3 7. Bxf3 g6 8. d5
Nb6 9. O-O Bg7 10. Be2 Nf6 11. Be3 c5 12. a4 a6 13. Qb1 Nbd7 14. b4 b6 15. a5
bxa5 16. bxa5 Qc8 17. Qb3 Rb8 18. Qa3 O-O 19. f4 Rb4 20. h3 Nxe4 21. Nxe4 Rxe4
22. f5 Nf6 23. Rad1 Qa8 24. c4 Rb8 25. Rd2 Rb4 26. Ra1 Qb8 27. Bf3 Rb3 28. Bxe4
Rxa3 29. Rxa3 Nxe4 30. Rc2 Qb4 31. Ra1 Qb3 32. Re2 Qd3 33. Rae1 Ng3 34. Rd2 Qxc4
35. Bg5 Nxf5 36. Kh2 Qb4 37. Rdd1 c4 38. Bd2 Qc5 39. Rb1 Qxd5 40. Rb8+ Bf8 41.
Bc3 Qd3 42. Bb4 Qg3+ 43. Kh1 Qf4 44. Rb1 Ng3+ 45. Kg1 Qd4+ 46. Kh2 Qd3 47. Re1
Nf1+ 48. Kg1 Nd2 49. Ra8 e4 50. Bxd6 Qxd6 51. Rd1 Nf3+ 52. Kf2 Qxd1 53. Rxa6 c3
54. Rc6 c2 55. a6 c1=Q 56. Rxc1 Qxc1 57. a7 Bc5+ 58. Kg3 Bxa7 59. h4 Nxh4 60.
Kxh4 e3 61. Kg3 e2 0-1

[Event "Challenge"]
[Site "http://www.queenalice.com/game.php?id=1303933"]
[Date "2014.8.25"]
[Round "-"]
[White "landscapsy"]
[Black "JORAM2205"]
[Result "0-1"]
[WhiteElo "1680"]
[BlackElo "1625"]

1. e4 e5 2. d4 Qh4 3. dxe5 Qxe4+ 4. Qe2 Qf5 5. Qe4 Qxe4+ 6. Ne2 Qxe5 7. c3 d5 8.
Bf4 Qe7 9. Be3 Nc6 10. Nd2 Nf6 11. g3 Ng4 12. Bg2 Be6 13. O-O-O Nxe3 14. fxe3
Bg4 15. Rhe1 Rd8 16. Kb1 Qxe3 17. Nd4 Qxe1 18. Rxe1+ Be7 19. Nf1 Na5 20. h3 Bd7
21. Nd2 c5 22. N4f3 Bf5+ 23. Ka1 Rd7 24. Ne5 Rc7 25. Bxd5 Be6 26. Bxe6 fxe6 27.
Rf1 Bf6 28. Ng4 Bg5 29. Ne4 Be7 30. Nef2 Bd6 31. Ne4 Be7 32. h4 h5 33. Ne5 Rh6
34. Rf7 Rc8 35. Rxg7 Kf8 36. Rf7+ Ke8 37. Rf4 Nc6 38. Nxc6 Rxc6 39. c4 Rb6 40.
a3 Rb3 0-1

[Event "Challenge"]
[Site "http://www.queenalice.com/game.php?id=1304529"]
[Date "2014.8.28"]
[Round "-"]
[White "zmanomega"]
[Black "landscapsy"]
[Result "0-1"]
[WhiteElo "1644"]
[BlackElo "1710"]

1. e4 e5 2. Nf3 d6 3. d3 Be7 4. Nc3 c6 5. Na4 b5 6. Nc3 a5 7. d4 Nd7 8. dxe5
Nxe5 9. Nxe5 dxe5 10. Be3 Nf6 11. a4 b4 12. Ne2 Nxe4 13. f3 Nf6 14. Qxd8+ Bxd8
15. b3 O-O 16. Rd1 Bf5 17. Rc1 Nd5 18. Bc5 Re8 19. g4 Bg6 20. Bg2 Bf6 21. O-O
Bg5 22. Ra1 Nf4 23. Nxf4 exf4 24. Rf2 Bf6 25. Rc1 Bb2 26. Rb1 Bc3 27. Rc1 Rad8
28. h4 h6 29. h5 Bh7 30. Kh2 Be1 31. Rf1 Bd2 32. Bb6 Rd5 33. Bc7 Be3 34. c4 Rd2
35. Bxa5 Rb2 36. Bxb4 c5 37. Ba5 Bxc1 38. Rxc1 Ree2 39. Rg1 Rxb3 40. Kh3 Ra2 41.
Bc7 Rxa4 42. Rc1 Rb1 43. Rc3 Ra2 44. Bxf4 Rc2 45. Re3 Kh8 46. g5 Bf5+ 47. Kg3
Rg1 48. gxh6 Rgxg2+ 49. Kh4 Rxc4 50. hxg7+ Kxg7 51. h6+ Kh7 52. Kh5 Bg6+ 53. Kh4
Rxf4+ 54. Kh3 Rg5 0-1

[Event "Challenge"]
[Site "http://www.queenalice.com/game.php?id=1304591"]
[Date "2014.8.28"]
[Round "-"]
[White "landscapsy"]
[Black "lelinho"]
[Result "0-1"]
[WhiteElo "1723"]
[BlackElo "2141"]

1. e4 c5 2. c4 Nc6 3. Nc3 d6 4. g3 Nf6 5. Bg2 a6 6. a4 g6 7. b3 Bg7 8. Bb2 O-O
9. Nge2 Ne5 10. O-O Nd3 11. Ba3 Bg4 12. f3 Bd7 13. Rb1 b5 14. Nd5 b4 15. Ndf4
Nxf4 16. Nxf4 bxa3 17. Qc2 Ne8 18. Qa2 Bb2 19. Rxb2 axb2 20. Qxb2 Nf6 21. d4
cxd4 22. Qxd4 e5 23. Qxd6 exf4 24. Qxf4 Qe7 25. Qh4 Kg7 26. f4 Rab8 27. e5 Ng8
28. Qxe7 Nxe7 29. Rd1 Be6 0-1

[Event "AUTO-ADV-3228"]
[Site "http://www.queenalice.com/game.php?id=1305065"]
[Date "2014.8.30"]
[Round "1"]
[White "saida"]
[Black "landscapsy"]
[Result "1-0"]
[WhiteElo "1713"]
[BlackElo "1755"]

1. e4 e5 2. Nf3 d6 3. d4 exd4 4. Nxd4 Be7 5. Bc4 Nf6 6. Nc3 c6 7. O-O O-O 8. Be3
b5 9. Bd3 b4 10. Nce2 Bb7 11. Nf5 c5 12. Nf4 Nxe4 13. Bxe4 Bxe4 14. Ng3 Qc7 15.
Nd5 Bxd5 16. Qxd5 Nd7 17. Nf5 Nf6 18. Qf3 d5 19. Rfe1 Bd6 20. Nxd6 Qxd6 21. Bf4
Qb6 22. Qg3 Nh5 23. Qg4 Nxf4 24. Qxf4 a5 25. Re7 c4 26. Qe5 Qc6 27. Rc7 Qe6 28.
Qxe6 fxe6 29. Re7 Rf6 30. Re1 a4 31. R7xe6 Rxe6 32. Rxe6 a3 33. b3 cxb3 34. cxb3
Rc8 35. Kf1 Rc2 36. Re2 Rb2 37. Ke1 d4 38. Kd1 Kf7 39. Rxb2 axb2 40. Kc2 Ke6 41.
Kxb2 Kd5 42. Kc2 Ke4 43. Kd2 g5 44. f3+ Kd5 45. Kd3 h5 46. g3 Ke5 47. Kc4 g4 48.
fxg4 Ke4 49. g5 d3 50. g6 d2 51. g7 d1=Q 52. g8=Q Qc2+ 53. Kb5 Qxh2 54. Qe6+ Kd3
55. Qc4+ Ke3 56. Kxb4 Kf3 57. Qd3+ Kg4 58. Qg6+ Kf3 59. a4 Qd2+ 60. Kc4 Qe2+ 61.
Qd3+ Qxd3+ 62. Kxd3 Kxg3 63. a5 1-0

[Event "AUTO-ADV-3228"]
[Site "http://www.queenalice.com/game.php?id=1305066"]
[Date "2014.8.30"]
[Round "1"]
[White "landscapsy"]
[Black "saida"]
[Result "1-0"]
[WhiteElo "1749"]
[BlackElo "1743"]

1. d4 Nf6 2. c4 e6 3. d5 exd5 4. cxd5 Bc5 5. Bg5 c6 6. dxc6 bxc6 7. e3 Qa5+ 8.
Nc3 Ne4 9. Bf6 Nxf6 10. Bd3 Ba3 11. Qc2 Bc5 12. Ne2 Ba6 13. Bxa6 Nxa6 14. O-O
O-O 15. a3 Qc7 16. Ne4 Nxe4 17. Qxe4 Rfe8 18. Qg4 Rab8 19. b4 Bd6 20. g3 Rb5 21.
Nd4 Rd5 22. Nf5 g6 23. Nxd6 Qxd6 24. Rad1 Re6 25. e4 Rd4 26. Rxd4 Qe7 27. Rfd1
Nb8 28. Qf4 Qe8 29. Qc7 a6 30. Qf4 f5 31. exf5 Rf6 32. Re4 Qf8 33. Rde1 Rxf5 34.
Re8 Rxf4 35. gxf4 Kf7 36. Rxf8+ Kxf8 37. h4 d5 38. Kg2 Nd7 39. Rc1 Nb8 40. a4
Kf7 41. Kg3 Ke6 42. Kg4 d4 43. Re1+ Kf7 44. Rd1 Kf6 45. Rxd4 h6 46. Rd8 1-0

[Event "AUTO-ADV-3228"]
[Site "http://www.queenalice.com/game.php?id=1305083"]
[Date "2014.8.30"]
[Round "1"]
[White "landscapsy"]
[Black "APSHOOTER"]
[Result "0-1"]
[WhiteElo "1662"]
[BlackElo "1729"]

1. e4 d5 2. exd5 Qxd5 3. d4 Nc6 4. Ne2 Bg4 5. Nbc3 Qa5 6. d5 O-O-O 7. f3 Be6 8.
Nf4 Bxd5 9. Nxd5 e6 10. Qd3 Nf6 11. Bg5 Rxd5 12. Qc4 Be7 13. Bxf6 Bxf6 14. Bd3
Ne5 15. Qe4 Nxd3+ 16. cxd3 Re5 0-1

[Event "AUTO-ADV-3228"]
[Site "http://www.queenalice.com/game.php?id=1305084"]
[Date "2014.8.30"]
[Round "1"]
[White "APSHOOTER"]
[Black "landscapsy"]
[Result "0-1"]
[WhiteElo "1742"]
[BlackElo "1649"]

1. e4 e5 2. Bc4 Be7 3. Qf3 Nf6 4. Nc3 c6 5. d3 a5 6. Be3 O-O 7. h3 d5 8. exd5
cxd5 9. Nxd5 Nxd5 10. Bxd5 a4 11. Bxb7 Bxb7 12. Qxb7 Nd7 13. Qe4 a3 14. b3 Rc8
15. c4 Bb4+ 16. Bd2 Bxd2+ 17. Kxd2 Nf6 18. Qxe5 Re8 19. Qf4 Ne4+ 20. Kc2 Qd4 21.
Ne2 Qb2+ 22. Kd1 Qxa1+ 23. Nc1 Nc3+ 24. Kc2 Qb2# 0-1

[Event "AUTO-ADV-3228"]
[Site "http://www.queenalice.com/game.php?id=1305085"]
[Date "2014.8.30"]
[Round "1"]
[White "landscapsy"]
[Black "brigador"]
[Result "0-1"]
[WhiteElo "1686"]
[BlackElo "2021"]

1. d4 d5 2. c4 c6 3. cxd5 cxd5 4. Nc3 a6 5. g3 Nc6 6. Bg2 e6 7. a3 Nf6 8. e3 Bd6
9. Nf3 h6 10. O-O Qe7 11. b4 b5 12. Ne1 Bb7 13. Nd3 Rc8 14. Ne2 O-O 15. Bd2 e5
16. dxe5 Nxe5 17. Nxe5 Bxe5 18. Rb1 Rfd8 19. Nd4 Rc4 20. Ne2 d4 21. Qb3 Bxg2 22.
Kxg2 Ne4 23. Bc1 d3 0-1

[Event "AUTO-ADV-3228"]
[Site "http://www.queenalice.com/game.php?id=1305086"]
[Date "2014.8.30"]
[Round "1"]
[White "brigador"]
[Black "landscapsy"]
[Result "1-0"]
[WhiteElo "2045"]
[BlackElo "1725"]

1. e4 e5 2. Nf3 d6 3. Bc4 Be7 4. Nc3 c6 5. d4 a5 6. Be3 exd4 7. Bxd4 Nf6 8. Qd2
O-O 9. Bd3 b5 10. O-O Nbd7 11. Rfe1 b4 12. Ne2 Ba6 13. h3 Bxd3 14. Qxd3 c5 15.
Bxf6 Nxf6 16. Rad1 Qc7 17. b3 Rad8 18. Nf4 Qa7 19. Qc4 Qc7 20. e5 dxe5 21. Nd5
Nxd5 22. Rxd5 Rxd5 23. Qxd5 Bf6 24. Qe4 Re8 25. Rd1 Qb6 26. Rd5 Qc7 27. h4 h6
28. g3 Rd8 29. Rxd8+ Qxd8 30. Nxe5 Qe8 31. f4 Bxe5 32. fxe5 Qd8 33. Qd3 Qd4+ 34.
Qxd4 cxd4 35. Kf2 Kf8 36. Kf3 f5 37. exf6 gxf6 38. Ke4 Ke7 39. Kxd4 Ke6 40. g4
f5 41. g5 1-0

[Event "Challenge"]
[Site "http://www.queenalice.com/game.php?id=1305504"]
[Date "2014.9.1"]
[Round "-"]
[White "eduardocosta"]
[Black "landscapsy"]
[Result "1-0"]
[WhiteElo "1896"]
[BlackElo "1688"]

1. e3 e5 2. Be2 f5 3. Nf3 e4 4. Nd4 d5 5. d3 g6 6. dxe4 fxe4 7. c4 dxc4 8. Bxc4
Nf6 9. Nc3 Bd7 10. Qb3 Qe7 11. Qxb7 1-0

[Event "Challenge"]
[Site "http://www.queenalice.com/game.php?id=1307129"]
[Date "2014.9.9"]
[Round "-"]
[White "eduardocosta"]
[Black "landscapsy"]
[Result "0-1"]
[WhiteElo "1881"]
[BlackElo "1733"]

1. e3 e5 2. Be2 f5 3. Nf3 e4 4. Nd4 d5 5. d3 Nf6 6. c4 dxc4 7. dxc4 Bb4+ 8. Nd2
O-O 9. a3 Bxd2+ 10. Bxd2 c5 11. Nb5 a6 12. Nc3 Be6 13. Qb3 b5 14. a4 Nc6 15.
axb5 axb5 16. Rxa8 Qxa8 17. Qxb5 Qa1+ 18. Bd1 Nb4 19. O-O Qxb2 20. Be1 Nd3 21.
Qa6 Bf7 22. Na4 Qc1 23. Bb3 Nxe1 24. Kh1 Qd2 25. Nxc5 Nd3 26. Nb7 Nxf2+ 27. Kg1
Qxe3 28. Qa2 N2g4+ 29. Kh1 Qb6 30. Na5 Ra8 31. Ra1 Nf2+ 32. Kg1 Nd3+ 33. Kf1 Nb4
34. Qa3 Nc6 35. c5 Qxa5 36. Bxf7+ Kh8 37. Qxa5 Rxa5 38. Rc1 Nd7 39. Be8 Rxc5 40.
Rb1 Rd5 41. Rb7 Nce5 42. Ke2 f4 43. Ra7 e3 44. g3 Rd2+ 45. Kf1 f3 46. Ra8 e2+
47. Ke1 Rd1+ 48. Kf2 e1=Q# 0-1

[Event "Challenge"]
[Site "http://www.queenalice.com/game.php?id=1307872"]
[Date "2014.9.12"]
[Round "-"]
[White "coffejunkie"]
[Black "landscapsy"]
[Result "0-1"]
[WhiteElo "1864"]
[BlackElo "1703"]

1. d4 d5 2. Nf3 Bg4 3. e3 a6 4. Be2 e6 5. O-O Bd6 6. c3 Bxf3 7. Bxf3 Qh4 8. h3
Qe7 9. e4 dxe4 10. Bxe4 c6 11. Nd2 Nf6 12. Bf3 Qc7 13. Ne4 Nxe4 14. Bxe4 Nd7 15.
f4 Nf6 16. Bc2 O-O 17. Be3 Nd5 18. Qd3 g6 19. c4 Nb4 20. Qd2 Nxc2 21. Qxc2 c5
22. Rad1 cxd4 23. Rxd4 Bc5 24. Rd3 Bxe3+ 25. Rxe3 Qc5 26. Re1 b5 27. b3 Rac8 28.
Kh2 Qd6 29. Re5 bxc4 30. bxc4 Qb4 31. R5e4 Rfd8 32. R1e2 Rd6 33. R2e3 Rd2 34.
Qb3 Qd6 35. Qb7 Rc7 36. Qa8+ Kg7 37. a4 Rd4 38. Rxd4 Qxd4 39. Qe4 Rxc4 40. Qxd4+
Rxd4 41. Ra3 Rxf4 42. Kg3 g5 43. h4 Rxh4 44. Ra2 a5 45. Ra3 h5 46. Kf2 Rf4+ 47.
Kg3 f5 48. Kh3 h4 49. Kh2 Kf6 50. g3 hxg3+ 51. Kxg3 Rg4+ 52. Kf3 Rh4 53. Ra1
Rf4+ 54. Kg3 Re4 55. Kf3 g4+ 56. Kg3 e5 57. Rc1 Rxa4 58. Rc6+ Kg5 0-1

[Event "Challenge"]
[Site "http://www.queenalice.com/game.php?id=1307873"]
[Date "2014.9.12"]
[Round "-"]
[White "landscapsy"]
[Black "coffejunkie"]
[Result "0-1"]
[WhiteElo "1716"]
[BlackElo "1796"]

1. d4 d5 2. c4 Nf6 3. cxd5 Nxd5 4. Nc3 Nf6 5. e4 e6 6. a3 Be7 7. Be2 O-O 8. Nf3
c6 9. O-O Nbd7 10. b4 b6 11. d5 cxd5 12. exd5 e5 13. d6 Bb7 14. dxe7 Qxe7 15.
Re1 Rad8 16. Bg5 h6 17. Bh4 e4 18. Nd2 Ne5 19. Qc2 Qe6 20. Bxf6 Qxf6 21. Ndxe4
Qg6 22. Bf1 Nf3+ 23. Kh1 Nxe1 24. Rxe1 Rfe8 25. f3 Rc8 26. Qa4 Ba8 27. b5 Rxc3
28. Qb4 Rc2 29. Rd1 Bxe4 30. fxe4 Rxe4 31. Qb3 Rf2 32. g3 Qh5 33. Bg2 Rxg2 34.
Kxg2 Re2+ 35. Kf1 Qxh2 36. Rd8+ Kh7 37. Qd3+ g6 38. Qxe2 Qh1+ 39. Kf2 Qh2+ 40.
Kf3 Qh5+ 41. Kf2 Qh2+ 42. Kf3 Qh5+ 43. g4 Qh3+ 44. Kf4 Qxa3 45. Qe5 Qc1+ 46. Qe3
Qc7+ 47. Qe5 Qxd8 0-1

[Event "Challenge"]
[Site "http://www.queenalice.com/game.php?id=1307878"]
[Date "2014.9.12"]
[Round "-"]
[White "MSchatz"]
[Black "landscapsy"]
[Result "1-0"]
[WhiteElo "2004"]
[BlackElo "1721"]

1. e4 e5 2. Nf3 d6 3. Bc4 Be7 4. Nc3 c6 5. h3 Nf6 6. d3 O-O 7. O-O a5 8. a3 b5
9. Ba2 Bb7 10. Be3 Nbd7 11. Nh2 b4 12. axb4 axb4 13. Ne2 d5 14. exd5 cxd5 15.
Bb3 Rxa1 16. Qxa1 d4 17. Bd2 Qc7 18. Qc1 Qc6 19. f3 Qc7 20. Ng3 Bd6 21. Ne4 Nxe4
22. fxe4 Bc8 23. Nf3 Nb8 24. Bc4 Nc6 25. Ng5 Na5 26. Bxf7+ Kh8 27. Bd5 h6 28.
Rxf8+ Bxf8 29. Ne6 Bxe6 30. Bxe6 Nc6 31. Qf1 Bd6 32. Bd5 Ne7 33. Bb3 Qc8 34. Qf7
Qg8 35. Qxg8+ Nxg8 36. Bxg8 Kxg8 37. Kf2 g5 38. g4 Be7 39. Ke2 Kf8 40. Kd1 Ke8
41. c3 bxc3 42. bxc3 dxc3 43. Bxc3 Bf6 44. Kd2 Kd7 45. Bb4 Ke8 46. Kc3 Bg7 47.
Kc4 Kd7 48. Kd5 Ke8 49. Bc3 Kd7 50. Bxe5 Bxe5 51. Kxe5 Ke7 52. Kf5 1-0

[Event "Challenge"]
[Site "http://www.queenalice.com/game.php?id=1310066"]
[Date "2014.9.23"]
[Round "-"]
[White "coffejunkie"]
[Black "landscapsy"]
[Result "1-0"]
[WhiteElo "1908"]
[BlackElo "1742"]

1. d4 d5 2. Nf3 e6 3. e3 Be7 4. Bd3 Nf6 5. O-O O-O 6. Ne5 a6 7. c3 b6 8. f4 c5
9. Bc2 Bb7 10. Nd2 c4 11. Ndf3 Ne4 12. Nd2 f5 13. Ndf3 b5 14. a4 Kh8 15. axb5
axb5 16. Rxa8 Bxa8 17. Bxe4 dxe4 18. Ne1 Nd7 19. Nc2 Nxe5 20. fxe5 Qb8 21. Bd2
Bc6 22. Nb4 Bxb4 23. cxb4 Be8 24. Bc3 Bg6 25. d5 exd5 26. Qxd5 Rd8 27. Qc5 Re8
28. Rd1 Bh5 29. Rd7 Qa8 30. h3 Rg8 31. Qxb5 Qa1+ 32. Kh2 Qf1 33. e6 Qf2 34. Rd2
1-0

[Event "1"]
[Site "http://www.queenalice.com/game.php?id=1311094"]
[Date "2014.9.28"]
[Round "-"]
[White "coffejunkie"]
[Black "landscapsy"]
[Result "1-0"]
[WhiteElo "1874"]
[BlackElo "1753"]

1. e4 e5 2. f4 exf4 3. Nf3 d6 4. d4 Bg4 5. Bxf4 Nd7 6. Be2 Bxf3 7. Bxf3 Ngf6 8.
O-O Be7 9. Nc3 O-O 10. e5 dxe5 11. dxe5 Ne8 12. Qe2 Bg5 13. Be4 Bxf4 14. Rxf4
Nxe5 15. Bxh7+ Kxh7 16. Qxe5 Kg8 17. Qh5 Nf6 18. Qh4 1-0

[Event "2"]
[Site "http://www.queenalice.com/game.php?id=1311097"]
[Date "2014.9.28"]
[Round "-"]
[White "landscapsy"]
[Black "coffejunkie"]
[Result "0-1"]
[WhiteElo "1765"]
[BlackElo "1862"]

1. e4 e5 2. Nf3 Nc6 3. Bc4 Bc5 4. c3 Nf6 5. d3 O-O 6. O-O d5 7. exd5 Nxd5 8. b4
Be7 9. b5 Na5 10. Nxe5 f6 11. Bxd5+ Qxd5 12. Nf3 Bg4 13. c4 Bxf3 14. cxd5 Bxd1
15. Rxd1 Rad8 16. Ba3 Bd6 17. Bxd6 Rxd6 0-1